000 00508nam a2200157 i 4500
001 56769
003 ES-MaACL
005 20230906163436.0
007 t|
008 031013s1971 sp ||||1| spa d
110 2 _aBurgos (Provincia).
_bDiputación Provincial.
_92259
245 1 0 _aPresupuesto ordinario para el ejercicio de 1971 /
_cDiputación Provincial de Burgos.
260 _aBurgos :
_b[s.n.,
_c1971] (
_fImp. de la Diputación)
300 _a217 p. ;
_c31 cm.
852 _aES-MaACL
_jC-42178
_bR.77514
999 _c56769
_d56769